<?xml version="1.0" encoding="UTF-8"?>
<record
    xmlns:xsi="http://www.w3.org/2001/XMLSchema-instance"
    xsi:schemaLocation="http://www.loc.gov/MARC21/slim http://www.loc.gov/standards/marcxml/schema/MARC21slim.xsd"
    xmlns="http://www.loc.gov/MARC21/slim">

  <leader>01999nam a22002537a 4500</leader>
  <controlfield tag="008">230328s2022    ag ||||| |||| 00| 0 spa d</controlfield>
  <datafield tag="020" ind1=" " ind2=" ">
    <subfield code="a">101/22</subfield>
    <subfield code="b">INT</subfield>
  </datafield>
  <datafield tag="110" ind1=" " ind2=" ">
    <subfield code="a">Tribunal Superior de Justicia - Sala Penal</subfield>
    <subfield code="9">18</subfield>
  </datafield>
  <datafield tag="245" ind1="1" ind2="1">
    <subfield code="a">"ESPINOZA, JOSE LUIS &#x2013; D&#xCD;AZ, MIGUEL ANGEL &#x2013; CULLIQUEO, JOS&#xC9; ADRIAN &#x2013; D&#xCD;AZ, WALTER &#x2013; CAMPOS, LAUTARO S/ HOMICIDIO TRIPLEMENTE AGRAVADO" /</subfield>
    <subfield code="c">Tribunal Superior de Justicia - Sala Penal</subfield>
  </datafield>
  <datafield tag="260" ind1=" " ind2=" ">
    <subfield code="c">2022</subfield>
  </datafield>
  <datafield tag="300" ind1=" " ind2=" ">
    <subfield code="a">21 p.</subfield>
    <subfield code="b">pdf</subfield>
  </datafield>
  <datafield tag="505" ind1="1" ind2=" ">
    <subfield code="a">SE RESUELVE:
I.- DECLARAR LA INADMISIBILIDAD del recurso extraordinario federal deducido por el Se&#xF1;or Fiscal General Dr. Jos&#xE9; Ignacio Gerez (art. 3&#xB0;, incisos &#x201C;d&#x201D; y &#x201C;e&#x201D;, de la Acordada n&#xB0; 4/07 de la CSJN).
II.- DECLARAR LA INADMISIBILIDAD del recurso extraordinario federal articulado por el se&#xF1;or Defensor Particular Dr. Gustavo Palmieri, a favor del imputado Elio Mauricio D&#xED;az (arts. 1&#xB0; y 3&#xB0;, incisos &#x201C;d&#x201D; y &#x201C;e&#x201D;, de la Acordada n&#xB0; 4/07 de la CSJN).
III.- Reg&#xED;strese, notif&#xED;quese y oportunamente, rem&#xED;tanse las actuaciones a la oficina Judicial de la circunscripci&#xF3;n que corresponda.
</subfield>
  </datafield>
  <datafield tag="518" ind1=" " ind2=" ">
    <subfield code="a">13/12/2022</subfield>
  </datafield>
  <datafield tag="700" ind1="1" ind2=" ">
    <subfield code="a">Elosu Larumbe, Alfredo Alejandro</subfield>
    <subfield code="9">12</subfield>
  </datafield>
  <datafield tag="700" ind1="1" ind2=" ">
    <subfield code="a">Gennari Maria Soledad</subfield>
    <subfield code="9">27</subfield>
  </datafield>
  <datafield tag="774" ind1=" " ind2=" ">
    <subfield code="a">LEG MPFCU 37997/2020</subfield>
  </datafield>
  <datafield tag="856" ind1=" " ind2=" ">
    <subfield code="u">http://jurispenal.jusneuquen.gov.ar/cgi-bin/koha/opac-retrieve-file.pl?id=558fcf735efb5718b6ed37ccb4d81583</subfield>
    <subfield code="y">Texto completo</subfield>
  </datafield>
  <datafield tag="856" ind1=" " ind2=" ">
    <subfield code="u">http://jurispenal.jusneuquen.gov.ar/cgi-bin/koha/opac-detail.pl?biblionumber=673</subfield>
    <subfield code="y">Sentencia de Responsabilidad </subfield>
  </datafield>
  <datafield tag="856" ind1=" " ind2=" ">
    <subfield code="u">http://jurispenal.jusneuquen.gov.ar/cgi-bin/koha/opac-detail.pl?biblionumber=674</subfield>
    <subfield code="y">Sentencia de Imposici&#xF3;n de la Pena</subfield>
  </datafield>
  <datafield tag="856" ind1=" " ind2=" ">
    <subfield code="u">http://jurispenal.jusneuquen.gov.ar/cgi-bin/koha/opac-detail.pl?biblionumber=675</subfield>
    <subfield code="y">Sentencia del Tribunal de Impugnaci&#xF3;n</subfield>
  </datafield>
  <datafield tag="856" ind1=" " ind2=" ">
    <subfield code="u">http://jurispenal.jusneuquen.gov.ar/cgi-bin/koha/opac-detail.pl?biblionumber=735</subfield>
    <subfield code="y">Inadmisibilidad de la Impugnaci&#xF3;n Extraordinaria</subfield>
  </datafield>
  <datafield tag="942" ind1=" " ind2=" ">
    <subfield code="2">ddc</subfield>
    <subfield code="c">INT</subfield>
  </datafield>
  <datafield tag="998" ind1=" " ind2=" ">
    <subfield code="c">as</subfield>
  </datafield>
  <datafield tag="999" ind1=" " ind2=" ">
    <subfield code="c">736</subfield>
    <subfield code="d">736</subfield>
  </datafield>
</record>
